Esthetique et theorie du roman

Αποθηκεύτηκε σε:
Λεπτομέρειες βιβλιογραφικής εγγραφής
Κύριος συγγραφέας: Bakhtin, M. M. (Mikhail Mikhailovich), 1895-1975
Άλλοι συγγραφείς: Olivier, Daria (trlf), Aucoutupier, Michel (Συγγραφέας εισαγωγής κ.λπ.)
Μορφή: Βιβλίο
Γλώσσα:French
Russian
Δημοσίευση: Paris: Gallimard, c1978.
Σειρά:Bibliotheque des idees
Θέματα:
Ετικέτες: Προσθήκη ετικέτας
Δεν υπάρχουν, Καταχωρήστε ετικέτα πρώτοι!

MARC

LEADER 00000cam a2200000 i 4500
001 1/5764
008 000608s1978 fr | ||| |||| ||fre||
020 |a 2070711048 
035 |l 10061700 
040 |a GR-MyUa   |b gre  |e AACR2  
041 1 |a fre  |h rus 
082 7 |a 809.3   |2 (22)  
100 1 |a Bakhtin, M. M.   |q (Mikhail Mikhailovich),   |d 1895-1975. 
245 1 0 |a Esthetique et theorie du roman /   |c Mikhail Bakhtine ; traduit du russe par Daria Olivier ; preface de Michel Aucouturier. 
260 |a Paris:   |b Gallimard,   |c c1978.  
300 |a 489 σ. ;   |c 19 εκ. 
490 1 |a (Bibliotheque des idees)  
500 |a Τίτλος πρωτοτύπου: Voprosy literatury i estetiki. 
650 0 |a Fiction  |x History and criticism. 
650 0 |a Literature  |x History and criticism. 
700 1 |a Olivier, Daria,  |e trlf 
700 1 |a Aucoutupier, Michel,  |e aui 
830 0 |a Bibliotheque des idees 
852 |a INST  |b RHODES  |e 20000608  |h 809.3 BAK  |p 005400006781  |q 005400006781  |t BK  |y 0 
922 |a 4ΕΛΗ  |b 199612  |c Αναγνωστοπούλου 
970 |z 2000/06/ELIDOC